Body and Soul: (Record no. 964)

MARC details
000 -LEADER
fixed length control field 006780000a22001930004500
005 - DATE AND TIME OF LATEST TRANSACTION
control field 20231215110426.0
008 - FIXED-LENGTH DATA ELEMENTS--GENERAL INFORMATION
fixed length control field 230817t2003 ||||| |||| 00| 0 eng d
020 ## - ISBN
ISBN 1890671282
082 ## - DEWEY DECIMAL CLASSIFICATION NUMBER
Classification number 363.9
Item number BOD
942 ## - ADDED ENTRY ELEMENTS (KOHA)
Item Type Books
245 ## - TITLE STATEMENT
Title Body and Soul:
Sub Title forced sterilization and other assaults on Roma reproductive freedom in Slovakia
260 ## - PUBLICATION, DISTRIBUTION, ETC. (IMPRINT)
Place of Publication [New York]:
Name of Publisher Center for Reproductive Rights,
Date of Copyright 2003
300 ## - PHYSICAL DESCRIPTION
Extent 140 p. ; 20 cm.
650 ## - SUBJECT ADDED ENTRY--TOPICAL TERM
Topical Term INVOLUNTARY STERILIZATION-Slovakia
650 ## - SUBJECT ADDED ENTRY--TOPICAL TERM
Topical Term Romanies--Slovakia--Social conditions
650 ## - SUBJECT ADDED ENTRY--TOPICAL TERM
Topical Term Human reproduction--Law and legislation--Slovakia
650 ## - SUBJECT ADDED ENTRY--TOPICAL TERM
Topical Term Human rights--Slovakia
650 ## - SUBJECT ADDED ENTRY--TOPICAL TERM
Topical Term Reproductive health--Slovakia.
Holdings
Withdrawn status Lost status Source of classification or shelving scheme Damaged status Not for loan Permanent location Current location Date acquired Total Checkouts Full call number Barcode Date last seen Price effective from Koha item type
    Dewey Decimal Classification     Resource center, Muslim Women's Research And Action Forum Resource center, Muslim Women's Research And Action Forum 2023-08-17   363.9 BOD RAF782 2023-08-17 2023-08-17 Reports

Copyright © 2023 Muslim Women's Research and Action Forum (MWRAF), No 27/3, Anderson Road, Kalubowila, Dehiwela. Funded by The Asia Fundation